[Event "Titled Tuesday intern op 22nd Aug Early"]
[Site "Chess.com INT"]
[Date "2023.08.22"]
[Round "11"]
[White "Kaminski, Victor Kazimierz"]
[Black "Alvarez Leon, Luis"]
[Result "0-1"]
[WhiteElo "2247"]
[BlackElo "2178"]
[PlyCount "78"]
[EventDate "2023.08.22"]
[EventType "swiss (blitz)"]
[EventRounds "11"]
[EventCountry "USA"]
[SourceTitle "EXT 2024"]
[Source "ChessBase"]
[SourceDate "2023.10.10"]
[SourceVersion "1"]
[SourceVersionDate "2023.10.10"]
[SourceQuality "1"]

1. e4 c5 2. Nf3 d6 3. d4 cxd4 4. Nxd4 Nf6 5. Nc3 a6 6. h4 e5 7. Nb3 Be6 8. h5 h6 9. Be3 Nbd7 10. f3 Rc8 11. Nd5 Nxd5 12. exd5 Bf5 13. c4 b6 14. a4 a5 15. Bd3 Bxd3 16. Qxd3 Be7 17. Nd2 Bg5 18. Ne4 Qe7 19. Bxg5 hxg5 20. Qa3 Nc5 21. Nxc5 bxc5 22. Qc3 Qa7 23. Ra3 Rb8 24. Qe3 Rxb2 25. 0-0 Rxh5 26. Rb3 Rxb3 27. Qxb3 g6 28. Qb5+ Kf8 29. Qc6 Qb8 30. Qb5 Qd8 31. Qc6 Kg7 32. Rb1 Qf6 33. Rb6 e4 34. Qxd6 Qd4+ 35. Kf1 Rh1+ 36. Ke2 Qd3+ 37. Kf2 Qd2+ 38. Kg3 Qe1+ 39. Kg4 Qh4# 0-1

[Event "Titled Tuesday intern op 22nd Aug Early"]
[Site "Chess.com INT"]
[Date "2023.08.22"]
[Round "5"]
[White "Santos Flores, Alberto Javier"]
[Black "Alvarez Leon, Luis"]
[Result "1-0"]
[WhiteElo "2200"]
[BlackElo "2178"]
[PlyCount "77"]
[EventDate "2023.08.22"]
[EventType "swiss (blitz)"]
[EventRounds "11"]
[EventCountry "USA"]
[SourceTitle "EXT 2024"]
[Source "ChessBase"]
[SourceDate "2023.10.10"]
[SourceVersion "1"]
[SourceVersionDate "2023.10.10"]
[SourceQuality "1"]

1. e4 c5 2. Nf3 d6 3. Bb5+ Nd7 4. d4 cxd4 5. Qxd4 Ngf6 6. Nc3 a6 7. Bxd7+ Bxd7 8. Bg5 e6 9. 0-0 Be7 10. Rad1 Qc7 11. e5 dxe5 12. Nxe5 Rd8 13. Nxd7 Rxd7 14. Qa4 Qc6 15. Qxc6 bxc6 16. b3 h6 17. Bxf6 gxf6 18. Rxd7 Kxd7 19. Rd1+ Kc7 20. Kf1 f5 21. Na4 Rg8 22. Rd3 Bd6 23. g3 h5 24. Nb2 h4 25. Nc4 hxg3 26. hxg3 Be7 27. Ne5 Rd8 28. Rxd8 Bxd8 29. Nxf7 Bf6 30. f4 Kb6 31. Ke2 Kb5 32. Kd3 Kc5 33. Ng5 Kd6 34. Nf3 Bb2 35. c3 Bc1 36. Ne5 Kc7 37. Nc4 e5 38. Nxe5 c5 39. Nc4 1-0

[Event "Titled Tuesday intern op 08th Aug Early"]
[Site "Chess.com INT"]
[Date "2023.08.08"]
[Round "4"]
[White "Alvarez Leon, Luis"]
[Black "Pakhomova, Ekaterina"]
[Result "0-1"]
[WhiteElo "2178"]
[BlackElo "2030"]
[PlyCount "110"]
[EventDate "2023.08.08"]
[EventType "swiss (blitz)"]
[EventRounds "11"]
[EventCountry "USA"]
[SourceTitle "EXT 2024"]
[Source "ChessBase"]
[SourceDate "2023.10.10"]
[SourceVersion "1"]
[SourceVersionDate "2023.10.10"]
[SourceQuality "1"]

1. Nf3 d5 2. d4 Nf6 3. c4 c6 4. Nc3 e6 5. cxd5 exd5 6. Bg5 h6 7. Bh4 Be7 8. e3 Ne4 9. Bxe7 Qxe7 10. Bd3 0-0 11. Qc2 Nd6 12. 0-0 Nd7 13. Rae1 Nf6 14. Ne5 g6 15. f3 Be6 16. e4 Rac8 17. Nxg6 fxg6 18. e5 Nf5 19. exf6 Qxf6 20. Bxf5 Qxd4+ 21. Kh1 Bxf5 22. Qc1 Qg7 23. Ne2 Bd3 24. Qd2 Ba6 25. Rf2 Rce8 26. Ng3 h5 27. Nf1 Qf7 28. Rc1 Re6 29. h3 Rfe8 30. Qg5 Re5 31. Qg3 Qf6 32. Nd2 Re2 33. Nb3 h4 34. Rxe2 Rxe2 35. Qb8+ Kh7 36. Qc7+ Qe7 37. Qf4 Rxb2 38. Nd4 Rxa2 39. Kh2 Ra4 40. Qd2 Qe5+ 41. Kh1 Qxd4 42. Qg5 Ra1 43. Qe7+ Kh6 44. Qf8+ Kg5 45. f4+ Qxf4 46. Qxf4+ Kxf4 47. Rxa1 d4 48. Kg1 Ke3 49. Re1+ Kd2 50. Kf2 c5 51. Re5 c4 52. Re4 d3 53. Rxh4 c3 54. Rh8 c2 55. Rc8 c1Q 0-1

[Event "Titled Tuesday intern op 08th Aug Early"]
[Site "Chess.com INT"]
[Date "2023.08.08"]
[Round "6"]
[White "Alvarez Leon, Luis"]
[Black "Villuendas Valero, Adrian"]
[Result "1-0"]
[WhiteElo "2178"]
[BlackElo "2264"]
[PlyCount "167"]
[EventDate "2023.08.08"]
[EventType "swiss (blitz)"]
[EventRounds "11"]
[EventCountry "USA"]
[SourceTitle "EXT 2024"]
[Source "ChessBase"]
[SourceDate "2023.10.10"]
[SourceVersion "1"]
[SourceVersionDate "2023.10.10"]
[SourceQuality "1"]

1. Nf3 c5 2. e4 e6 3. d4 cxd4 4. Nxd4 Qb6 5. Nb3 Bb4+ 6. c3 Be7 7. Bd3 Nc6 8. Be3 Qc7 9. N1d2 Nf6 10. 0-0 0-0 11. Kh1 d5 12. f4 dxe4 13. Nxe4 Nd5 14. Bg1 Nxf4 15. Bc2 Rd8 16. Qf3 g5 17. Be3 e5 18. Bxf4 exf4 19. Qh5 Bf5 20. Rae1 Bg6 21. Qh6 Ne5 22. Bb1 Ng4 23. Qh3 Ne3 24. Rg1 Qe5 25. Nbd2 g4 26. Qh6 Rxd2 27. Nxd2 Bg5 28. Nc4 Qc5 29. b4 Qd5 30. Nxe3 fxe3 31. Rd1 Qe5 32. Bxg6 Bxh6 33. Bd3 Bf4 34. g3 Qd5+ 35. Rg2 Bg5 36. Bxh7+ Kxh7 37. Rxd5 f6 38. Rd7+ Kg6 39. Re2 Rc8 40. Rd3 Rc6 41. Kg2 Re6 42. Kf1 b5 43. Rd5 Re4 44. Rxb5 Rc4 45. Rc5 Re4 46. Ke1 f5 47. Rc6+ Kh5 48. c4 f4 49. gxf4 Bxf4 50. c5 g3 51. hxg3 Bxg3+ 52. Kd1 Rc4 53. a3 Bf2 54. Re6 Rd4+ 55. Kc2 Kg4 56. R2xe3 Bxe3 57. Rxe3 Kf5 58. Kc3 Rd7 59. Kc4 Kf6 60. b5 Rc7 61. c6 Rh7 62. a4 Rh5 63. Kd4 Rh4+ 64. Re4 Rh5 65. Kc4 Rh8 66. Rd4 Rc8 67. Rd6+ Ke7 68. Rd7+ Ke6 69. Rxa7 Rd8 70. Kc5 Rc8 71. b6 Rb8 72. b7 Rh8 73. c7 Rh5+ 74. Kc6 Rh7 75. c8Q+ Ke5 76. Ra5+ Kf4 77. Qf5+ Ke3 78. Re5+ Kd4 79. Qe4+ Kc3 80. Rc5+ Kb2 81. Rc4 Ka3 82. Qd3+ Kb2 83. Rc2+ Kb1 84. Qd1# 1-0

[Event "Titled Tuesday intern op 08th Aug Early"]
[Site "Chess.com INT"]
[Date "2023.08.08"]
[Round "3"]
[White "Petersson, Kjell"]
[Black "Alvarez Leon, Luis"]
[Result "1/2-1/2"]
[WhiteElo "2040"]
[BlackElo "2178"]
[PlyCount "147"]
[EventDate "2023.08.08"]
[EventType "swiss (blitz)"]
[EventRounds "11"]
[EventCountry "USA"]
[SourceTitle "EXT 2024"]
[Source "ChessBase"]
[SourceDate "2023.10.10"]
[SourceVersion "1"]
[SourceVersionDate "2023.10.10"]
[SourceQuality "1"]

1. d4 Nf6 2. Bf4 d5 3. e3 c5 4. c3 Nc6 5. Nd2 cxd4 6. exd4 Bf5 7. Qb3 Qb6 8. Ngf3 e6 9. Nh4 Bg6 10. Nxg6 hxg6 11. Bd3 Be7 12. h3 0-0 13. 0-0 Rfc8 14. Rfe1 Na5 15. Qc2 Bd6 16. Bxd6 Qxd6 17. Nf3 Nc6 18. Ne5 Nd7 19. Nxd7 Qxd7 20. Qd2 a6 21. a4 Na5 22. Qf4 Nc4 23. Re2 Qd6 24. Qxd6 Nxd6 25. f4 b5 26. axb5 axb5 27. Ree1 Rcb8 28. b4 Rc8 29. Rxa8 Rxa8 30. Re2 Ra3 31. Rc2 f5 32. Kf2 Kf7 33. g4 Kf6 34. Kf3 g5 35. fxg5+ Kxg5 36. gxf5 exf5 37. Kg3 Kf6 38. h4 Ra1 39. Kg2 Rd1 40. Be2 Re1 41. Bf3 Ke6 42. Re2+ Rxe2+ 43. Bxe2 f4 44. Kf3 Kf5 45. Bd3+ Ne4 46. Bxb5 Nxc3 47. Bd7+ Kf6 48. Kxf4 Ne2+ 49. Ke3 Nc3 50. b5 Na4 51. b6 Nxb6 52. Bc6 Ke6 53. Kf4 Kd6 54. Bb7 Ke6 55. Kg5 Kf7 56. h5 Ke7 57. Kg6 Kf8 58. Bc6 Nc8 59. Bd7 Ne7+ 60. Kg5 Kf7 61. Bb5 Ng8 62. Bc6 Nf6 63. Bb7 Ke7 64. Kg6 Kd6 65. h6 Ke7 66. hxg7 Ng8 67. Bxd5 Nf6 68. Bc4 Ne4 69. g8Q Kd6 70. Qe6+ Kc7 71. Qxe4 Kd8 72. Qe6 Kc7 73. Bd5 Kb8 74. Qd7 1/2-1/2

[Event "Titled Tuesday intern op 08th Aug Early"]
[Site "Chess.com INT"]
[Date "2023.08.08"]
[Round "7"]
[White "Preobrazhenskaya, Diana"]
[Black "Alvarez Leon, Luis"]
[Result "1-0"]
[WhiteElo "2056"]
[BlackElo "2178"]
[PlyCount "109"]
[EventDate "2023.08.08"]
[EventType "swiss (blitz)"]
[EventRounds "11"]
[EventCountry "USA"]
[SourceTitle "EXT 2024"]
[Source "ChessBase"]
[SourceDate "2023.10.10"]
[SourceVersion "1"]
[SourceVersionDate "2023.10.10"]
[SourceQuality "1"]

1. e4 c5 2. Nf3 d6 3. d4 cxd4 4. Nxd4 Nf6 5. Nc3 a6 6. Bg5 e6 7. f4 Nbd7 8. Qf3 Qc7 9. 0-0-0 Be7 10. g4 h6 11. Bxf6 Bxf6 12. h4 Qb6 13. Nb3 Be7 14. Bh3 Nc5 15. Nxc5 Qxc5 16. g5 hxg5 17. hxg5 g6 18. Bxe6 Rxh1 19. Bxf7+ Kxf7 20. Qxh1 Qe3+ 21. Kb1 Qh3 22. Qg1 Be6 23. Rf1 Rh8 24. f5 gxf5 25. g6+ Kg7 26. exf5 Bxf5 27. Nd5 Bg5 28. Qd4+ Kxg6 29. Rg1 Rf8 30. Nf4+ Kh6 31. Nxh3 Bxh3 32. Qxd6+ Rf6 33. Qh2 Rf3 34. Qe2 Re3 35. Qf2 Re7 36. Qf8+ Rg7 37. Qh8+ Rh7 38. Qf8+ Kh5 39. Qf3+ Kg6 40. Qe4+ Bf5 41. Qe8+ Rf7 42. Rxg5+ Kf6 43. Rxf5+ Kxf5 44. Qxf7+ Ke5 45. Qxb7 Kd6 46. Qxa6+ Kc5 47. c3 Kd5 48. b4 Ke4 49. b5 Kd5 50. b6 Kc6 51. b7+ Kc7 52. Qa8 Kd6 53. b8Q+ Kc5 54. Qc7+ Kb5 55. Qaa5# 1-0

[Event "Titled Tuesday intern op 25th Jul Late"]
[Site "Chess.com INT"]
[Date "2023.07.25"]
[Round "2"]
[White "Alvarez Leon, Luis"]
[Black "De Souza, Cristiano Gomes"]
[Result "0-1"]
[WhiteElo "2178"]
[BlackElo "2018"]
[PlyCount "90"]
[EventDate "2023.07.25"]
[EventType "swiss (blitz)"]
[EventRounds "11"]
[EventCountry "USA"]
[SourceTitle "EXT 2024"]
[Source "ChessBase"]
[SourceDate "2023.10.10"]
[SourceVersion "1"]
[SourceVersionDate "2023.10.10"]
[SourceQuality "1"]

1. Nf3 Nf6 2. d4 g6 3. Bg5 Bg7 4. Nbd2 h6 5. Bh4 d6 6. e3 g5 7. Bg3 Nh5 8. Bc4 e6 9. c3 Nd7 10. Qc2 Qe7 11. 0-0-0 a6 12. h4 Nxg3 13. fxg3 b5 14. Bd3 Bb7 15. hxg5 hxg5 16. Rxh8+ Bxh8 17. Rh1 0-0-0 18. a4 c6 19. Qb3 Nb6 20. axb5 axb5 21. Kb1 Kc7 22. c4 bxc4 23. Nxc4 Nxc4 24. Bxc4 Rb8 25. Qc2 g4 26. Nd2 c5 27. Nb3 f5 28. Qc3 Be4+ 29. Kc1 Bf6 30. Qa5+ Rb6 31. Qa7+ Rb7 32. Qa5+ Rb6 33. dxc5 dxc5 34. Nxc5 Bxb2+ 35. Kd2 Qd6+ 36. Ke2 Qxg3 37. Rh7+ Kc6 38. Qa4+ Kxc5 39. Qa5+ Kc6 40. Qa4+ Kd6 41. Rd7+ Ke5 42. Qa5+ Kf6 43. Qxb6 Qxg2+ 44. Ke1 Bc3+ 45. Kd1 Qc2# 0-1

[Event "Titled Tuesday intern op 25th Jul Late"]
[Site "Chess.com INT"]
[Date "2023.07.25"]
[Round "5"]
[White "Alvarez Leon, Luis"]
[Black "Pakleza, Zbigniew"]
[Result "0-1"]
[WhiteElo "2178"]
[BlackElo "2494"]
[PlyCount "98"]
[EventDate "2023.07.25"]
[EventType "swiss (blitz)"]
[EventRounds "11"]
[EventCountry "USA"]
[SourceTitle "EXT 2024"]
[Source "ChessBase"]
[SourceDate "2023.10.10"]
[SourceVersion "1"]
[SourceVersionDate "2023.10.10"]
[SourceQuality "1"]

1. Nf3 d5 2. d4 Nf6 3. c4 c6 4. Nc3 Qb6 5. e3 Bf5 6. Be2 e6 7. 0-0 Nbd7 8. cxd5 exd5 9. Bd3 Bg6 10. Re1 Be7 11. e4 dxe4 12. Nxe4 0-0 13. Neg5 Bb4 14. Bd2 Nd5 15. Bxg6 hxg6 16. a3 Bd6 17. b4 Rfe8 18. Qc2 Nf8 19. Re4 Rxe4 20. Qxe4 f6 21. Nh3 g5 22. g4 Qc7 23. Re1 a6 24. Qf5 g6 25. Qc2 Qd7 26. Qe4 Kf7 27. Bxg5 fxg5 28. Nhxg5+ Kg8 29. Ne5 Bxe5 30. dxe5 Re8 31. e6 Qe7 32. h4 Qf6 33. f3 Re7 34. Kg2 Nxe6 35. Nxe6 Rxe6 36. Qxe6+ Qxe6 37. Rxe6 Nf4+ 38. Kg3 Nxe6 39. f4 Nd4 40. Kf2 Nc2 41. b5 cxb5 42. Ke2 Nxa3 43. Kd3 Nc4 44. Kd4 a5 45. h5 gxh5 46. gxh5 a4 47. f5 a3 48. f6 a2 49. h6 a1Q+ 0-1

[Event "Titled Tuesday intern op 25th Jul Early"]
[Site "Chess.com INT"]
[Date "2023.07.25"]
[Round "1"]
[White "Bok, Benjamin"]
[Black "Alvarez Leon, Luis"]
[Result "1-0"]
[WhiteElo "2615"]
[BlackElo "2178"]
[PlyCount "93"]
[EventDate "2023.07.25"]
[EventType "swiss (blitz)"]
[EventRounds "11"]
[EventCountry "USA"]
[SourceTitle "EXT 2024"]
[Source "ChessBase"]
[SourceDate "2023.10.10"]
[SourceVersion "1"]
[SourceVersionDate "2023.10.10"]
[SourceQuality "1"]

1. d4 Nf6 2. c4 g6 3. g3 Bg7 4. Bg2 0-0 5. Nc3 d6 6. Nf3 Nbd7 7. 0-0 c6 8. e4 e5 9. Be3 Ng4 10. Bg5 f6 11. Bd2 Nh6 12. Qc2 Nf7 13. Rad1 Qe7 14. Rfe1 Nb6 15. b3 Bg4 16. Be3 exd4 17. Bxd4 Ne5 18. Qe2 Qe6 19. Rd2 Nbd7 20. Be3 Nf7 21. Nd4 Bxe2 22. Nxe6 Bg4 23. Nxf8 Kxf8 24. h3 Be6 25. Red1 a5 26. f4 h5 27. Kh2 Ke7 28. Na4 b5 29. cxb5 cxb5 30. Nc3 b4 31. Nb5 Rc8 32. Nxd6 Nxd6 33. Rxd6 Rc3 34. R6d3 Rc2 35. R1d2 Rc7 36. h4 Bg4 37. Bh3 Nc5 38. Bxc5+ Rxc5 39. Bxg4 hxg4 40. Rd7+ Kf8 41. Rd8+ Kf7 42. R2d7+ Ke6 43. Rxg7 Rc2+ 44. Kg1 Rc1+ 45. Kf2 Rc2+ 46. Ke3 Rc3+ 47. Rd3 1-0

[Event "Titled Tuesday intern op 25th Jul Early"]
[Site "Chess.com INT"]
[Date "2023.07.25"]
[Round "9"]
[White "Rodriguez Santiago, Jaime"]
[Black "Alvarez Leon, Luis"]
[Result "1-0"]
[WhiteElo "2020"]
[BlackElo "2178"]
[PlyCount "149"]
[EventDate "2023.07.25"]
[EventType "swiss (blitz)"]
[EventRounds "11"]
[EventCountry "USA"]
[SourceTitle "EXT 2024"]
[Source "ChessBase"]
[SourceDate "2023.10.10"]
[SourceVersion "1"]
[SourceVersionDate "2023.10.10"]
[SourceQuality "1"]

1. c4 e5 2. Nc3 Nc6 3. g3 Bc5 4. Bg2 a6 5. Nf3 d6 6. e3 Nf6 7. 0-0 0-0 8. d4 Ba7 9. h3 Re8 10. g4 h6 11. dxe5 Nxe5 12. Nxe5 Rxe5 13. b3 h5 14. Bb2 hxg4 15. Nd5 Rg5 16. h4 Rh5 17. Nxf6+ gxf6 18. Bd5 c6 19. Bg2 Rxh4 20. Qc2 d5 21. Rad1 Qd6 22. Rfe1 Qh2+ 23. Kf1 g3 24. fxg3 Qxg3 25. Qf2 Qxf2+ 26. Kxf2 Be6 27. cxd5 cxd5 28. Bxd5 Rh2+ 29. Kf3 Rxb2 30. Rg1+ Kf8 31. Bxe6 Re8 32. Bc4 Rxe3+ 33. Kg4 Ke7 34. Rge1 Rxe1 35. Rxe1+ Kf8 36. Rd1 Rxa2 37. Rd7 Bc5 38. Rxf7+ Ke8 39. Rxb7 a5 40. Kf5 Bd4 41. Ke6 Kd8 42. Kd6 Be5+ 43. Kc6 Rd2 44. Ra7 Bc3 45. Bd5 Bb4 46. Bf7 Rd6+ 47. Kb5 f5 48. Ka4 Rf6 49. Bc4 f4 50. Ra8+ Kc7 51. Rh8 f3 52. Rh1 f2 53. Rf1 Be1 54. Kb5 Rf5+ 55. Ka4 Kb6 56. Be2 Kc5 57. Bc4 Kd4 58. Bb5 Ke3 59. Bc4 Rf4 60. Kb5 Kf3 61. Bd5+ Ke2 62. Bc4+ Rxc4 63. Rxf2+ Kxf2 64. bxc4 Ke3 65. c5 Kd4 66. c6 Bh4 67. Kxa5 Kc5 68. c7 Kd6 69. c8Q Bd8+ 70. Qxd8+ Kc6 71. Qb6+ Kd7 72. Kb5 Kc8 73. Qa7 Kd8 74. Kc6 Ke8 75. Kd6 1-0

[Event "Titled Tuesday intern op 25th Jul Early"]
[Site "Chess.com INT"]
[Date "2023.07.25"]
[Round "6"]
[White "Smieszek, Wojciech"]
[Black "Alvarez Leon, Luis"]
[Result "0-1"]
[WhiteElo "2078"]
[BlackElo "2178"]
[PlyCount "82"]
[EventDate "2023.07.25"]
[EventType "swiss (blitz)"]
[EventRounds "11"]
[EventCountry "USA"]
[SourceTitle "EXT 2024"]
[Source "ChessBase"]
[SourceDate "2023.10.10"]
[SourceVersion "1"]
[SourceVersionDate "2023.10.10"]
[SourceQuality "1"]

1. e4 c5 2. Nf3 d6 3. d4 cxd4 4. Nxd4 Nf6 5. Nc3 a6 6. Be3 e5 7. Nb3 Be6 8. Qd2 Nbd7 9. 0-0-0 Rc8 10. f4 exf4 11. Bxf4 Ne5 12. h3 Qc7 13. g4 Be7 14. Be2 0-0 15. g5 Nfd7 16. h4 Nb6 17. Nd5 Bxd5 18. exd5 Nxd5 19. Bg3 Ne3 20. c3 Nxd1 21. Bxd1 b5 22. Kb1 a5 23. Nd4 b4 24. cxb4 axb4 25. Nf5 Rfe8 26. Ba4 Qb7 27. Re1 Red8 28. Bb3 Bf8 29. Rf1 Qe4+ 30. Ka1 Nf3 31. Bxf7+ Kxf7 32. Nd4 Kg8 33. Nxf3 Kh8 34. h5 Rc2 35. Qd1 Rdc8 36. Qb1 b3 37. a3 Qe2 38. Rf2 Qd3 39. Ne1 Qxg3 40. Rxc2 bxc2 41. Nxc2 Qf4 0-1

[Event "Titled Tuesday intern op 18th Jul Early"]
[Site "Chess.com INT"]
[Date "2023.07.18"]
[Round "7"]
[White "Alvarez Leon, Luis"]
[Black "Dwilewicz, Katarzyna"]
[Result "1-0"]
[WhiteElo "2178"]
[BlackElo "2134"]
[PlyCount "85"]
[EventDate "2023.07.18"]
[EventType "swiss (blitz)"]
[EventRounds "11"]
[EventCountry "USA"]
[SourceTitle "EXT 2024"]
[Source "ChessBase"]
[SourceDate "2023.10.10"]
[SourceVersion "1"]
[SourceVersionDate "2023.10.10"]
[SourceQuality "1"]

1. Nf3 Nf6 2. d4 e6 3. c4 b6 4. g3 Bb7 5. Bg2 Be7 6. 0-0 0-0 7. d5 exd5 8. Nh4 c6 9. cxd5 Nxd5 10. Nf5 d6 11. e4 Nf6 12. Bf4 d5 13. e5 Ne4 14. Nc3 Nxc3 15. bxc3 Nd7 16. Qg4 g6 17. Nh6+ Kh8 18. Rfe1 Nc5 19. Rad1 Bc8 20. Qe2 Ne6 21. Bc1 Bg5 22. Ng4 Bd7 23. h4 Be7 24. Bh6 Rg8 25. c4 d4 26. Qf3 Be8 27. Nf6 Bxf6 28. exf6 Rc8 29. Rxe6 fxe6 30. f7 Bxf7 31. Qxf7 Rc7 32. Qxe6 Re8 33. Qg4 c5 34. Bd5 Rce7 35. Kg2 Qd6 36. Bg5 Rg7 37. Qf3 h5 38. Bf6 Rf8 39. Bxg7+ Kxg7 40. Qe2 Qf6 41. Re1 Kh6 42. Qd2+ Kg7 43. f4 1-0

[Event "Titled Tuesday intern op 18th Jul Early"]
[Site "Chess.com INT"]
[Date "2023.07.18"]
[Round "10"]
[White "Alvarez Leon, Luis"]
[Black "Goryachkina, Aleksandra"]
[Result "0-1"]
[WhiteElo "2178"]
[BlackElo "2557"]
[PlyCount "72"]
[EventDate "2023.07.18"]
[EventType "swiss (blitz)"]
[EventRounds "11"]
[EventCountry "USA"]
[SourceTitle "EXT 2024"]
[Source "ChessBase"]
[SourceDate "2023.10.10"]
[SourceVersion "1"]
[SourceVersionDate "2023.10.10"]
[SourceQuality "1"]

1. Nf3 c5 2. c4 Nc6 3. Nc3 Nf6 4. g3 g6 5. Bg2 Bg7 6. 0-0 d6 7. d3 0-0 8. e4 Bd7 9. h3 a6 10. a4 Rb8 11. Re1 Ne8 12. Nd5 e6 13. Nc3 Nc7 14. Bg5 Qe8 15. Bf4 e5 16. Bd2 b5 17. axb5 axb5 18. b3 Nb4 19. Nd5 Ncxd5 20. cxd5 Nxd3 21. Re3 c4 22. bxc4 bxc4 23. Qc2 Bb5 24. Bc3 Ra8 25. Rb1 Qd7 26. Bf1 Ra4 27. Ne1 Bh6 28. Re2 Rfa8 29. Qd1 Ra3 30. Bb2 Ra2 31. Nc2 Rxb2 32. Rxb2 Nxb2 33. Qb1 Nd3 34. Nb4 Nxb4 35. Qxb4 c3 36. Rc2 Ra1 0-1

[Event "Titled Tuesday intern op 18th Jul Early"]
[Site "Chess.com INT"]
[Date "2023.07.18"]
[Round "1"]
[White "Ibarra Jerez, Jose Carlos"]
[Black "Alvarez Leon, Luis"]
[Result "1-0"]
[WhiteElo "2563"]
[BlackElo "2178"]
[PlyCount "47"]
[EventDate "2023.07.18"]
[EventType "swiss (blitz)"]
[EventRounds "11"]
[EventCountry "USA"]
[SourceTitle "EXT 2024"]
[Source "ChessBase"]
[SourceDate "2023.10.10"]
[SourceVersion "1"]
[SourceVersionDate "2023.10.10"]
[SourceQuality "1"]

1. e4 c5 2. Nf3 d6 3. c3 Nf6 4. h3 e5 5. d4 cxd4 6. cxd4 exd4 7. Qxd4 Be7 8. Nc3 0-0 9. Bc4 Nc6 10. Qd1 Ne5 11. Bb3 Nxf3+ 12. Qxf3 Be6 13. 0-0 Bxb3 14. axb3 Qb6 15. Bg5 Qxb3 16. Nd5 Qxf3 17. Nxe7+ Kh8 18. gxf3 Nd7 19. Rfd1 Ne5 20. Kg2 f6 21. Be3 Nc4 22. b3 Nxe3+ 23. fxe3 Rfe8 24. Nf5 1-0

[Event "Titled Tuesday intern op 18th Jul Early"]
[Site "Chess.com INT"]
[Date "2023.07.18"]
[Round "11"]
[White "Li, Hui"]
[Black "Alvarez Leon, Luis"]
[Result "1/2-1/2"]
[WhiteElo "1988"]
[BlackElo "2178"]
[PlyCount "97"]
[EventDate "2023.07.18"]
[EventType "swiss (blitz)"]
[EventRounds "11"]
[EventCountry "USA"]
[SourceTitle "EXT 2024"]
[Source "ChessBase"]
[SourceDate "2023.10.10"]
[SourceVersion "1"]
[SourceVersionDate "2023.10.10"]
[SourceQuality "1"]

1. e4 c5 2. Nf3 d6 3. d4 cxd4 4. Nxd4 Nf6 5. Nc3 a6 6. Be2 e5 7. Nb3 Be7 8. 0-0 0-0 9. Be3 Be6 10. Qd2 Nbd7 11. a4 Rc8 12. a5 Qc7 13. Rfd1 Rfe8 14. Qe1 Nc5 15. Nxc5 dxc5 16. f3 c4 17. Na4 Nd7 18. c3 Nc5 19. Nxc5 Bxc5 20. Bxc5 Qxc5+ 21. Qf2 Qb5 22. b4 Rcd8 23. h4 h6 24. Qe3 Qc6 25. Rd2 Qc7 26. Rad1 Rxd2 27. Rxd2 Rd8 28. Kf1 Qe7 29. g3 Rxd2 30. Qxd2 f6 31. Kf2 Kf7 32. Qd1 g5 33. hxg5 hxg5 34. Qh1 Kg7 35. Qf1 Qc7 36. Qd1 b6 37. axb6 Qxb6+ 38. Kg2 a5 39. bxa5 Qxa5 40. Qd6 Bf7 41. Qb4 Qa2 42. Kf2 Qb3 43. Ke1 Qa2 44. Kf2 Qd2 45. Qa5 Be6 46. Qc7+ Bf7 47. Qa5 Kg6 48. Qb4 Kg7 49. Qa5 1/2-1/2

[Event "Guayaquil zt 2.4"]
[Site "Guayaquil"]
[Date "2019.04.13"]
[Round "8"]
[White "Aspiazu Sibri, Marlon Steven"]
[Black "Alvarez Leon, Luis"]
[Result "1/2-1/2"]
[WhiteElo "1835"]
[BlackElo "2212"]
[PlyCount "69"]
[EventDate "2019.04.09"]
[EventType "swiss"]
[EventRounds "9"]
[EventCountry "ECU"]
[SourceTitle "CBM 189 Extra"]
[Source "ChessBase"]
[SourceDate "2019.06.03"]
[SourceVersion "1"]
[SourceVersionDate "2019.06.03"]
[SourceQuality "1"]

1. c4 g6 2. Nc3 Bg7 3. e4 c5 4. Nge2 Nc6 5. g3 e5 6. Bg2 Nge7 7. d3 0-0 8. Be3 d6 9. Qd2 Nd4 10. 0-0 Bh3 11. f3 Bxg2 12. Kxg2 f5 13. Bg5 Ne6 14. Be3 Rf7 15. Nd5 Nc6 16. Rab1 Qd7 17. b4 Raf8 18. b5 Ncd4 19. Nxd4 cxd4 20. Bg1 Nc5 21. Qe2 Qd8 22. Qd2 h5 23. Rf2 Kh7 24. Rbf1 Bh6 25. Qe2 f4 26. Kh1 Qa5 27. g4 Qa3 28. gxh5 Qxd3 29. hxg6+ Kxg6 30. Rg2+ Kh7 31. Qxd3 Nxd3 32. Bf2 Nxf2+ 33. Rfxf2 Rc8 34. Rc2 Rg7 35. Rxg7+ 1/2-1/2

[Event "Guayaquil zt 2.4"]
[Site "Guayaquil"]
[Date "2019.04.11"]
[Round "5"]
[White "Alvarez Leon, Luis"]
[Black "Arias Gaviria, Mario Alexis"]
[Result "0-1"]
[WhiteElo "2212"]
[BlackElo "2250"]
[PlyCount "120"]
[EventDate "2019.04.09"]
[EventType "swiss"]
[EventRounds "9"]
[EventCountry "ECU"]
[SourceTitle "CBM 189 Extra"]
[Source "ChessBase"]
[SourceDate "2019.06.03"]
[SourceVersion "1"]
[SourceVersionDate "2019.06.03"]
[SourceQuality "1"]

1. Nf3 Nf6 2. d4 e6 3. g3 b5 4. Bg2 Bb7 5. 0-0 Be7 6. Nbd2 d5 7. b3 0-0 8. c4 bxc4 9. bxc4 dxc4 10. Nxc4 Nbd7 11. Bd2 Bd5 12. Ne3 Be4 13. Ba5 Qb8 14. Qd2 Qb7 15. Rfc1 Rac8 16. Ne5 Bxg2 17. Nxd7 Nxd7 18. Nxg2 c5 19. Rab1 Qa6 20. Bc3 Rfd8 21. Qe3 Nb6 22. Nf4 Nc4 23. Qf3 cxd4 24. Be1 Ba3 25. Rd1 e5 26. Nd5 Qe6 27. e4 f5 28. Nb4 fxe4 29. Qxe4 Nb2 30. Rd2 Bxb4 31. Rdxb2 Bxe1 32. Rxe1 Rc5 33. Rd2 Qd5 34. Qh4 Rf8 35. Qe7 Ra5 36. Rde2 Rxa2 37. Rxe5 Qf7 38. Qxf7+ Rxf7 39. Re8+ Rf8 40. Rxf8+ Kxf8 41. Rd1 Ra4 42. Kg2 Ke7 43. Kf3 Kd6 44. Ke4 Kc5 45. f4 a5 46. f5 Rc4 47. Ke5 Rc2 48. Ke6 Rxh2 49. Rc1+ Kb5 50. Kd5 d3 51. Rb1+ Ka6 52. g4 Rg2 53. Rb3 d2 54. Rd3 Kb5 55. Ke6 a4 56. g5 a3 57. Rd5+ Kc4 58. f6 gxf6 59. gxf6 Re2+ 60. Kd6 Rf2 0-1

[Event "Guayaquil zt 2.4"]
[Site "Guayaquil"]
[Date "2019.04.11"]
[Round "4"]
[White "Martinez Maya, Steeven Orlando"]
[Black "Alvarez Leon, Luis"]
[Result "0-1"]
[WhiteElo "2152"]
[BlackElo "2212"]
[PlyCount "74"]
[EventDate "2019.04.09"]
[EventType "swiss"]
[EventRounds "9"]
[EventCountry "ECU"]
[SourceTitle "CBM 189 Extra"]
[Source "ChessBase"]
[SourceDate "2019.06.03"]
[SourceVersion "1"]
[SourceVersionDate "2019.06.03"]
[SourceQuality "1"]

1. d4 Nf6 2. c4 g6 3. Nc3 Bg7 4. e4 d6 5. Nf3 0-0 6. Be2 e5 7. 0-0 Na6 8. d5 Nc5 9. Qc2 a5 10. Ne1 Ne8 11. Nd3 f5 12. Nxc5 dxc5 13. f3 Nd6 14. Bd2 Bd7 15. b3 f4 16. a3 b6 17. b4 Nb7 18. Rfb1 Re8 19. Nd1 Bf8 20. bxa5 Nxa5 21. a4 Bd6 22. Nf2 Qe7 23. Nd3 Ra7 24. Ra2 g5 25. Kh1 Kf7 26. Rg1 Raa8 27. g3 Rg8 28. Raa1 Qf6 29. gxf4 gxf4 30. Bxf4 exf4 31. e5 Bxe5 32. Nxe5+ Qxe5 33. Qxh7+ Rg7 34. Rxg7+ Qxg7 35. Qh5+ Qg6 36. Qe5 Rg8 37. Qxf4+ Qf6 0-1